Robbie Williams [ swings both ways

Bibliographic Details
Format: Book
Published: s.l. : s.n. , 20-
Subjects:

MARC

LEADER 00000cam a2200000 7i4500
001 0000190879
005 20150304.0
090 0 0 |a MUZ   |b ROB 
245 0 0 |a Robbie Williams [  |h cd music] :   |b swings both ways 
260 |a s.l. :   |b s.n. ,   |c 20- 
300 |a 1 CD music (60 minutes) 
500 |a Library has 1 copy 
600 0 0 |a Robbie Williams 
650 0 0 |a Songs, English 
999 |a AV 35922   |b CD MUSIC   |c PINJAMAN   |e PERPUSTAKAAN KOMUNITI PETALING JAYA